Statistics for Skyrim Superquiz!

Click here to take the quiz!

General Stats

  • This quiz has been taken 13 times
  • The average score is 10 of 25

Answer Stats

HintAnswer% Correct
Name of the Ninth Divine and God of MankindTalos
90%
Main Protagonist of the GameDovahkiin
80%
Name of a Corrupt Mead-Brewing Company Based in RiftenBlack Briar
70%
This town has a vampire problemMorthal
70%
Name of a Very Hyper Imperial JesterCicero
60%
Alternate Name of the Ancient DwarvesDwemer
60%
The Second-In-Command of General TulliusLegate Rikke
60%
"Do you get to the cloud district very often?"Nazeem
60%
Delphine is trying to kill this friendly dragonPaarthurnax
60%
Enemy of the Bard Mentioned aboveFaendal
50%
Name of the Uprising in MarkarthForsworn
50%
Daedric Prince of Madness; "Cheese for everyone!"Sheogorath
50%
Altmer Ambassador of SkyrimElenwen
40%
The "Kind" Headmaster of Honorhall Orphanage in RiftenGrelod the Kind
40%
Name of a nord bard trying to woo Camilla ValeriusSven
40%
Name of the 1st Inn in RiftenThe Bee and Barb
40%
League of Warriors; Disbanded after the White-Gold ConcordatThe Blades
40%
Name of a Museum Curator and Serial Killer in WindhelmCalixto
10%
Name of the Mineral the Town Raven Rock was named afterEbony
10%
The Dovahkiin is challenged to a duel at this player home. (CC Content)Hendraheim
10%
Name of the Tavern-Keeper in The Ragged FlagonVekel The Man
10%
The Second-In-Command of Ulfric StormcloakGalmar Stonefish
0%
Name of the 2nd Inn in RiftenHaelga's Bunkhouse
0%
A Child Briefly shown in "The Mind of Madness"Little Pelagius
0%
Name of a Dunmer Refugee tavern in WindhelmNew Gnisis Cornerclub
0%

Score Distribution

Percentile by Number Answered

Percent of People with Each Score

Your Score History

You have not taken this quiz